Ακαδημεικά
Αποθηκεύτηκε σε:
| Κύριος συγγραφέας: | |
|---|---|
| Μορφή: | Άγνωστο |
| Γλώσσα: | Greek |
| Δημοσίευση: |
Αθήνα :
Οργανισμός Εκδόσεως Διδακτικών Βιβλίων,
1972.
|
| Έκδοση: | 2η έκδ. |
| Θέματα: | |
| Ετικέτες: |
Προσθήκη ετικέτας
Δεν υπάρχουν, Καταχωρήστε ετικέτα πρώτοι!
|
MARC
| LEADER | 00000c a2200000 4500 | ||
|---|---|---|---|
| 001 | 1/98841 | ||
| 008 | 950516s1972 gr |###||| |||| ||gre|| | ||
| 035 | |l 10011079 | ||
| 035 | |l 10012880 | ||
| 040 | |a GR-MY-UA |b gre |e aacr | ||
| 041 | 0 | |a gre | |
| 082 | 0 | |a 100 | |
| 100 | 1 | |a Βορέας, Θεόφιλος, |d 1873-1954. | |
| 245 | 1 | 0 | |a Ακαδημεικά / |c Θεόφιλος Βορέας. |
| 250 | |a 2η έκδ. | ||
| 260 | |a Αθήνα : |b Οργανισμός Εκδόσεως Διδακτικών Βιβλίων, |c 1972. | ||
| 300 | |a 2 τ. : |b πίν. ; |c 25 εκ. | ||
| 505 | 8 | |a τ. 1. Λογική -- τ. 3. Εισαγωγή εις την φιλοσοφίαν. | |
| 650 | 0 | 0 | |a Logic |x Study and teaching. |
| 650 | 0 | 0 | |a Logic. |
| 650 | 0 | 0 | |a Philosophy. |
| 852 | |a INST |b LESVOS |e 20211124 |h 100 ΒΟΡ |p 005100002239 |q 005100002239 |t BK |v τ.1: |y 0 | ||
| 852 | |a INST |b LESVOS |e 20211124 |h 100 ΒΟΡ |p 005100006600 |q 005100006600 |t BK |v τ.3: |y 0 | ||
| 852 | |a INST |b RHODES |e 20040510 |h 100 ΒΟΡ |p 005400007272 |q 005400007272 |t BK |y 0 |z τ.3 | ||
| 852 | |a INST |b RHODES |e 20040510 |h 100 ΒΟΡ |p 005400007272 |q 005400007272 |t BK |v τ.3: |y 0 |z τ.3 | ||
| 853 | |a INST |b LESVOS |h 100 ΒΟΡ | ||
| 853 | |a INST |b RHODES |h 100 ΒΟΡ | ||
| 909 | |a Λ |b 019711 | ||
| 909 | |a Λ |b 019729 | ||
| 909 | |a Ρ |b 028456 | ||